Top 10 Songs by The Clash - Statistics

General Stats
  • This quiz has been taken 9 times
  • The average score is 4 of 10
Answer Stats
Hint Answer % Correct
1 London Calling
100%
3 Rock the Casbah
78%
2 Should I Stay or Should I Go
67%
4 I Fought the Law
44%
6 Train in Vain
44%
7 Clampdown
11%
8 Complete Control
11%
10 Lost in the Supermarket
11%
9 Straight to Hell
11%
5 (White Man) In Hammersmith Palais
0%
No matching quizzes found
Score Distribution
Percent of People with Each Score
Percentile by Number Answered
Your Score History
You have not taken this quiz